Normal view
MARC view
Entry Personal Name
001 - CONTROL NUMBER
- control field: 80895
003 - CONTROL NUMBER IDENTIFIER
- control field: dpl
005 - DATE AND TIME OF LATEST TRANSACTION
- control field: 20250425151138.0
008 - FIXED-LENGTH DATA ELEMENTS
- fixed length control field: 250425|| aca||aabn | a|a d
040 ## - CATALOGING SOURCE
- Original cataloging agency: dpl
- Transcribing agency: dpl
100 ## - HEADING--PERSONAL NAME
- Personal name: राम कठिन सिंह
670 ## - SOURCE DATA FOUND
- Source citation: Work cat.: (dpl)211124: राम कठिन सिंह , पकवा- इनार के भूत /, 2023
